000 00648nam a2200229Ia 4500
003 OSt
005 20220927105218.0
006 a|||||r|||| 00| 0
007 ta
008 220926b |||||||| |||| 00| 0 eng d
024 _a187914
037 _cReference Collections
040 _aRTL
_cRTL
_beng
041 _2eng
_aeng
082 _a"B32, L1/SC"
100 _aFraleigh John B.
_9370990
245 0 _aCalculus
_b A linear approach.V1
260 _aMassachussets
_bAddison Wesley Publishing Co.
_c1971
300 _a"vii,586p"
_ccm.
942 _h"B32, L1/SC"
_cCC
999 _c691239
_d691239